| 000 | 00332nam a22001337a 4500 | ||
|---|---|---|---|
| 020 | _a8122413676 | ||
| 082 |
_222 _a691.7 |
||
| 100 | _aRaz, Sarwar Alam. | ||
| 245 | _aStructural design in steel / | ||
| 250 | _aNA | ||
| 260 |
_aNew Delhi, _bNew Age International, _cc2002. |
||
| 300 |
_axi,611 p. ; _bill.; _c24 cm. |
||
| 942 |
_2ddc _cCIVIL |
||
| 999 |
_c934 _d934 |
||